| 000 | 01137nam a2200289 4500 | ||
|---|---|---|---|
| 003 | CO-CtgCURN | ||
| 005 | 20250331185144.0 | ||
| 007 | ta | ||
| 008 | 160627s1997 000 0 eng d | ||
| 020 | _a9789588084220 | ||
| 040 |
_aCO-CtgCURN _bspa _ccoctgcurn |
||
| 082 | 0 |
_a610.7986 _bG643 |
|
| 100 | 1 | _aGonzález Consuegra, Renata Virgilia. | |
| 245 | 1 | 0 |
_aRemembranzas 50 años : _bTrabajando por la calidad de la educación en enfermería / _cRenata Virgilia González Consuegra; Diana Marcela Castillo Sierra. |
| 260 |
_aBogotá : _bAsociacion Colombiana de Facultades de Enfermería. ACOFAEN, _c1997. |
||
| 300 |
_a110 p : _bil., fotografs ; _c22 cms. |
||
| 336 | _2rdacontent | ||
| 337 |
_2rdamedia _asin mediacion _bn |
||
| 338 |
_2rdacarrier _avolumen _bnc |
||
| 504 | _aBibliografia (p. 108-110) | ||
| 650 | 1 | 4 |
_aEnfermería _vAsociaciones _xHistoria _zColombia. |
| 700 | 1 | _aCastillo Sierra, Diana Marcela. | |
| 710 | 2 | _aAsociacion Colombiana de Facultades de Enfermería. ACOFAEN. | |
| 908 | _a160627 | ||
| 942 |
_cBK _h610.7986 _iG643 _2ddc |
||
| 999 |
_c21500 _d21500 |
||